[Event "GER-chT U10"]
[Site "Magdeburg"]
[Date "2018.12.28"]
[Round "5.3"]
[White "Sharma, Aarush"]
[Black "Kiss, Sebastian"]
[Result "1-0"]
[WhiteElo "1239"]
[BlackElo "1238"]
[PlyCount "141"]
[EventDate "2018.12.27"]
[EventType "team-swiss"]
[EventRounds "7"]
[EventCountry "GER"]
[SourceTitle "CBM 188 Extra"]
[Source "ChessBase"]
[SourceDate "2019.02.26"]
[SourceVersion "1"]
[SourceVersionDate "2019.02.26"]
[SourceQuality "1"]
[WhiteTeam "Duesseldorf SV"]
[BlackTeam "Coswig"]
[WhiteTeamCountry "GER"]
[BlackTeamCountry "GER"]

1. e4 e5 2. Nf3 Nc6 3. Bc4 Bc5 4. c3 Nf6 5. d4 exd4 6. cxd4 Bb4+ 7. Bd2 Bxd2+ 8. Nbxd2 d5 9. exd5 Nxd5 10. Qb3 Nce7 11. Ne5 0-0 12. 0-0 c6 13. Rfe1 Qc7 14. Rac1 Bf5 15. Bxd5 Nxd5 16. Qxd5 Qb6 17. Qc4 Qxb2 18. Nef3 Qb6 19. Re5 Be6 20. Qc2 h6 21. Ree1 Qa5 22. Ne5 Bd5 23. Nd7 Rfe8 24. Rxe8+ Rxe8 25. Ne5 Qd8 26. Nef3 Qd7 27. h3 Qd6 28. a4 Qf6 29. Rb1 Re7 30. a5 a6 31. Qc3 Qg6 32. Qa1 Kh7 33. Re1 Rc7 34. Qb1 Qxb1 35. Rxb1 f5 36. Kf1 Re7 37. Re1 Rc7 38. Ke2 g5 39. Kd3 Kg6 40. Kc3 h5 41. Ne5+ Kf6 42. g3 Rg7 43. Ndc4 f4 44. gxf4 gxf4 45. Nd6 Rg2 46. f3 Rg3 47. Ne4+ Bxe4 48. Rxe4 Kf5 49. Re2 Rxh3 50. Rf2 h4 51. Nc4 Ke6 52. Kd3 Rg3 53. Ke4 h3 54. Rh2 Rg7 55. Rxh3 b5 56. axb6 Rd7 57. Na5 Rd6 58. b7 Rd8 59. Nxc6 a5 60. b8Q Rxb8 61. Nxb8 a4 62. Rh2 Kd6 63. Ra2 Ke6 64. Rxa4 Kf6 65. d5 Kg5 66. d6 Kh4 67. d7 Kg3 68. Ra2 Kh4 69. d8Q+ Kh5 70. Qg8 Kh4 71. Rh2# 1-0